| 000 | 00616nam a2200205 a 4500 | ||
|---|---|---|---|
| 005 | 20221014063635.0 | ||
| 008 | 991125s1972 mx 000 0 spa u | ||
| 035 | _aUPN01000001537 | ||
| 049 | _aCG | ||
| 050 | 4 |
_aQA154.2 _bL6.28 |
|
| 100 | 1 | _aLovaglia, Florence M. | |
| 245 | 1 | 0 |
_aAlgebra / _cFlorence M. Lovaglia, Merrit A. Elmore, Donald Conway ; tr. José Guevara Alfaro. |
| 260 |
_aMéxico : _bHarla, _c1972. |
||
| 300 |
_a395 p. : _bil. |
||
| 650 | 2 |
_aÁlgebra _92068 |
|
| 650 | 4 |
_aNUMEROS, TEORIA DE LOS _915099 |
|
| 700 | 1 |
_aConway, Donald, _ecoaut. |
|
| 700 | 1 |
_aElmore, Merrit A., _ecoaut. |
|
| 905 | _aLibro | ||
| 999 |
_c1537 _d1537 |
||